000 00575nam a22002297a 4500
003 UA-OsUOA
001 88054
007 ta
008 20120927b un ||||| |||| 00| 0 ukr d
100 _aHeine H.
090 _a821.112.2
942 _cBK
040 _aUA-OsUOA
_bger
_cUA-OsUOA
_dUA-OsUOA
245 _aAusgewahlte werke
300 _a575 с.
955 _a3
041 _ager
080 _a821.112.2
260 _aМ.
_bVerlag fur fremdsprachige literatur
_c1951
650 7 _a82 Література. Літературознавство
_2UDC
999 _c374220
_d374220